000 00548nam a22002177a 4500
003 UA-OsUOA
001 34725
007 ta
008 20051019b un ||||| |||| 00| 0 ukr d
090 _a94(100)
_bВ84
942 _cBK
040 _aUA-OsUOA
_brus
_cUA-OsUOA
_dUA-OsUOA
245 _aВсемирная история
300 _a898 с.
955 _a1
041 _arus
080 _a94(100)
260 _aМ.
_bПолитиздат
_c1956
650 7 _a9 Географія. Біографії. Історія
_2UDC
999 _c321153
_d321153